header

Changes in the Arctic (Record no. 64443)

MARC details
000 -LEADER
fixed length control field 01537nam a2200373Ia 4500
082 04 - DEWEY DECIMAL CLASSIFICATION NUMBER
Classification number 363.700911/3
245 00 - TITLE STATEMENT
Title Changes in the Arctic
260 ## - PUBLICATION, DISTRIBUTION, ETC. (IMPRINT)
Place of publication New York :
Name of publisher Nova Science Publishers,
Year of publication c2010.
300 ## - PHYSICAL DESCRIPTION
Number of Pages xi, 229 p. :
Other physical details ill., maps.
490 1# - SERIES STATEMENT
Series statement Arctic region and Antarctica issues and research
650 #0 - SUBJECT ADDED ENTRY--TOPICAL TERM
Topical Term Environmental degradation
Topical Term Environmental policy
Topical Term Global environmental change
700 1# - ADDED ENTRY--PERSONAL NAME
Personal name Swarson, Brandon D.
856 40 - ELECTRONIC LOCATION AND ACCESS
Uniform Resource Identifier http://site.ebrary.com/lib/rucke/Doc?id=10659009

No items available.

© 2026 Rongo University
Contact us: librarian | system librarian | Rongo university